Akta perancangan bandar dan desa 1976 (Akta 172) (Hingga 20hb Mei 2003)
| Format: | Book |
|---|---|
| Published: |
Petaling Jaya :
International Law Book Services ,
2003
|
| Subjects: |
MARC
| LEADER | 00000cam a2200000 7i4500 | ||
|---|---|---|---|
| 001 | 0000014954 | ||
| 005 | 20060216.0 | ||
| 020 | |a 9678913127 | ||
| 040 | |a INS | ||
| 090 | 0 | 0 | |a KPG14. |b P474 2003 |
| 245 | 1 | 0 | |a Akta perancangan bandar dan desa 1976 (Akta 172) (Hingga 20hb Mei 2003) |c International Law Book Services |
| 260 | |a Petaling Jaya : |b International Law Book Services , |c 2003 | ||
| 300 | |a 98p ; |c 24cm. | ||
| 650 | 0 | 0 | |a City planning and development law |z Malaysia |
| 999 | |a 0000014547 |b BOOK |c Acts |e Default branch | ||